CO ROBIMY, ŻEBY SIĘ SZYBCIEJ ROZBUDZIĆ? - Statystyki

Ogólne statystyki
  • Ten quiz został rozwiązany 56 razy
  • Średni wynik to 2 z 5
Statystyki odpowiedzi
Odpowiedź % Poprawnych
PIJEMY KAWĘ
97%
ĆWICZYMY
54%
BIERZEMY PRYSZNIC
43%
PIJEMY ENERGETYKA
35%
UPRAWIAMY JOGGING
3%
Nie znaleziono quizów pasujących do podanych kryteriów
Rozkład punktacji
Procent ludzi z każdym wynikiem
Percentyl według liczby udzielonych odpowiedzi
Twoja historia wyników
Nie rozwiązałeś tego quizu